=LDR 00000nam 2200000 4500 =001 INLIS000000000026903 =005 20200622073709 =035 ##$$a 0010-061300000026903 =008 200622################g##########0#ind## =041 ##$$a Ind =082 ##$$a 2x4.11 =090 ##$$a 2x4.11, Was t =100 ##$$a Al-Washithiyah, Abu Hamzah =245 1#$$a The true power of wudhu : $b Di balik keanehan air dan keajaiban wudhu /$c Abu Hamzah Al-WashIithiyah; editor, Abdullah =260 ##$$a Yogyakarta :$b Media Insani,$c 2007 =300 ##$$a xiv, 130 hlm ; $c 19 X 12 cm. =650 #4$$a Wudhu =700 #$$a Abdullah =850 ##$$a NBPNMAT =084 ##$$a 2x4.11 WAS- t =250 ##$$a Cet.2 =990 ##$$a 20704518